Statistics for Županije Republike Hrvatske

Click here to take the quiz!

General Stats

  • This quiz has been taken 203 times
  • The average score is 16 of 21

Answer Stats

Redni broj županijeNaziv(bez "županija")% Correct
I.Zagrebačka
97%
XVIII.Istarska
90%
XVII.Splitsko-dalmatinska
90%
XXI.Grad Zagreb
88%
XIX.Dubrovačko-neretvanska
85%
IX.Ličko-senjska
84%
XIII.Zadarska
81%
XVI.Vukovarsko-srijemska
78%
IV.Karlovačka
77%
XV.Šibensko-kninska
76%
V.Varaždinska
73%
XIV.Osječko-baranjska
72%
VIII.Primorsko-goranska
72%
XX.Međimurska
71%
XII.Brodsko-posavska
70%
III.Sisačko-moslavačka
67%
VII.Bjelovarsko-bilogorska
66%
II.Krapinsko-zagorska
62%
XI.Požeško-slavonska
57%
VI.Koprivničko-križevačka
56%
X.Virovitičko-podravska
46%

Score Distribution

Percentile by Number Answered

Percent of People with Each Score

Your Score History

You have not taken this quiz